27 personnages de la série Heartstopper - Statistiques

Statistiques générales
  • Ce quiz a été pris 1 540 fois
  • Le résultat moyen est 13 sur 27
Statistiques - réponses
Hint Réponse % Correct
1 Charlie Spring
99%
2 Nick Nelson
98%
3 Tao Xu
91%
4 Elle Argent
87%
6 Darcy Olsson
78%
5 Tara Jones
77%
8 Benjamin Hope
76%
9 Harry Greene
70%
11 Victoria Spring
69%
10 Imogen Heaney
66%
7 Isaac Henderson
65%
17 M. Farouk
45%
13 Sarah Nelson
43%
15 David Nelson
41%
27 Nellie Nelson
41%
14 Sahar Zahid
34%
12 M. Ajayi
31%
16 James McEwan
30%
23 Jane Spring
23%
20 Otis Smith
21%
24 Julio Spring
20%
18 Coach Singh
19%
21 Christian McBride
17%
22 Sai Verma
16%
26 Yan Xu
16%
25 M. Lange
14%
19 Directeur Barnes
8%
Aucun quiz correspondant
Distribution des résultats
% des personnes avec chaque résultat
Percentile par nombre de réponses
Votre historique - résultats
Vous n’avez pas pris ce quiz